Colný sadzobník 2001

Uložené v:
Podrobná bibliografia
Médium: Kniha
Jazyk:Slovak
Vydavateľské údaje: Trenčín Jozef IGAZ 2001
Predmet:
Tagy: Pridať tag
Žiadne tagy, Buďte prvý, kto otaguje tento záznam!

MARC

LEADER 00000nam a2200000 4500
001 c124295
005 20221108082740.0
020 |a 80-968307-1-6 
041 0 |a slo 
044 |a SK 
245 1 0 |a Colný sadzobník 2001 
264 1 |a Trenčín  |b Jozef IGAZ  |c 2001 
300 |a S. 485-1063 
610 2 0 |a colníctvo 
610 2 0 |a sadzby colné 
610 2 0 |a výrobky 
610 2 0 |a tovar 
610 2 0 |a materiál 
610 2 0 |a zvieratá 
610 2 0 |a Slovensko 
610 2 0 |a 2001